| 000 | 00775nam a2200229 a 4500 | ||
|---|---|---|---|
| 001 | 000005582 | ||
| 005 | 20240415140329.0 | ||
| 008 | 090820s1988 dr 000 0 spa d | ||
| 040 |
_aDO-SdBNP _bspa _cBNPHU |
||
| 082 |
_a342.729306 _bM948d, 1988 |
||
| 100 | 1 |
_aMueses Henriquez, Rene _915770 |
|
| 245 | 1 | 0 |
_aDerecho administrativo dominicano / _cRené Mueses Henríquez. |
| 250 | _a2a ed. | ||
| 260 |
_aSanto Domingo : _bTaller, _c1988. |
||
| 300 |
_a272 p. ; _c23 cm. |
||
| 590 | _aInventariado, 2018/ YL | ||
| 650 | 4 |
_aDerecho administrativo _zRepública Dominicana _91203 |
|
| 650 | 4 |
_aDerecho administrativo _xLegislación _915767 |
|
| 650 | 4 |
_aCarrera administrativa _915768 |
|
| 650 | 0 |
_aAdministración pública _99266 |
|
| 910 | _aValidado. Control de calidad MMOLINA | ||
| 999 |
_c5381 _d5381 |
||